Capacitación archivistica : (Registro nro. 3443)
[ vista simple ]
| 000 -LEADER | |
|---|---|
| fixed length control field | 01243nam a2200253Ia 4500 |
| 003 - CONTROL NUMBER IDENTIFIER | |
| control field | OSt |
| 005 - DATE AND TIME OF LATEST TRANSACTION | |
| control field | 20200326115547.0 |
| 008 - FIXED-LENGTH DATA ELEMENTS--GENERAL INFORMATION | |
| fixed length control field | 191128s1995 ck a gr 001 0dspa d |
| 020 ## - INTERNATIONAL STANDARD BOOK NUMBER | |
| International Standard Book Number | 9589298389 |
| 040 ## - CATALOGING SOURCE | |
| Original cataloging agency | CO-JMCR |
| Transcribing agency | CO-JMCR |
| 082 04 - DEWEY DECIMAL CLASSIFICATION NUMBER | |
| Classification number | 025.1714 / |
| Item number | M516c |
| 100 1# - MAIN ENTRY--PERSONAL NAME | |
| Personal name | Sánchez Mejia, Myriam, |
| Relator term | autora |
| 9 (RLIN) | 1931 |
| 245 10 - TITLE STATEMENT | |
| Title | Capacitación archivistica : |
| Remainder of title | sugerencias para planear las actividades / |
| Statement of responsibility, etc. | Myriam Mejía |
| 260 ## - PUBLICATION, DISTRIBUTION, ETC. | |
| Place of publication, distribution, etc. | Bogotá : |
| Name of publisher, distributor, etc. | Archivo General de la Nación, |
| Date of publication, distribution, etc. | 1995 |
| 300 ## - PHYSICAL DESCRIPTION | |
| Extent | 59 páginas : |
| Other physical details | ilustraciones en blanco y negro ; |
| Dimensions | 24 cm. |
| 490 ## - SERIES STATEMENT | |
| Series statement | Mini-manual ; |
| Volume/sequential designation | 2 |
| 500 ## - GENERAL NOTE | |
| General note | Incluye bibliografía. |
| 505 ## - FORMATTED CONTENTS NOTE | |
| Formatted contents note | Introducción -- Conceptos generales -- Responsabiblidades en capacitación -- Programa de capacitación -- Elaboración del plan -- Organización, dirección y supervisión -- Evaluación y seguimiento |
| 520 ## - SUMMARY, ETC. | |
| Summary, etc. | En todos los niveles de la actividad administrativa se requiere algún tipo de capacitación. En los archivos, sin importar el tamaño y el grado de diversificación de los servicioa, es necesario programar actividades y cursos de capacitación. |
| 546 ## - LANGUAGE NOTE | |
| Language note | spa |
| 650 14 - SUBJECT ADDED ENTRY--TOPICAL TERM | |
| Topical term or geographic name entry element | Archivología |
| General subdivision | Enseñanza |
| 9 (RLIN) | 1932 |
| 650 24 - SUBJECT ADDED ENTRY--TOPICAL TERM | |
| Topical term or geographic name entry element | Capacitación de empleados |
| 9 (RLIN) | 1933 |
| 942 ## - ADDED ENTRY ELEMENTS (KOHA) | |
| Source of classification or shelving scheme | Dewey Decimal Classification |
| Koha item type | Books |
| Withdrawn status | Lost status | Source of classification or shelving scheme | Materials specified (bound volume or other part) | Damaged status | Not for loan | Home library | Current library | Date acquired | Source of acquisition | Cost, normal purchase price | Total Checkouts | Full call number | Barcode | Date last seen | Date last checked out | Copy number | Price effective from | Koha item type |
|---|---|---|---|---|---|---|---|---|---|---|---|---|---|---|---|---|---|---|
| Dewey Decimal Classification | Donación--11/04/2018-- | Biblioteca Pública José María del Castillo y Rada | Biblioteca Pública José María del Castillo y Rada | 11/28/2019 | Donación | 0.00 | 1 | 025.1714 / M516c | 201807295 | 05/16/2024 | 01/30/2024 | Ej.1 | 11/28/2019 | Books |